000 00541nam a22001937a 4500
003 OSt
005 20151202193155.0
008 151202b xxu||||| |||| 00| 0 eng d
020 _a0415084490.
040 _cDDC.
082 _a372 SKE1991
100 _aSkelton,Martin;Reeves,Graham;Playfoot,David;
_96450
245 _aDevelopment Planning for Primary schools.
260 _aLondon.
_bRoutledge London.
_c1991.
300 _a192p;
_bill:
_c23cm
504 _aBibliographies are included.
650 _aPlanning.
_96464
942 _2ddc
_cSLOAN
999 _c2795
_d2795